Language Quiz

Random Language or Latin Quiz
Score 0/15 Timer 15:00
0 Plays Today
Question Answer Wrong Answers
interjection puella
85.7%
puellae
0%
puellam
0%
nominative subject
57.1%
I.O.
0%
interjection
0%
of the gate C.N.
57.1%
interjection
0%
puella
0%
puellas
0%
I.O. Dative
57.1%
ablative
0%
genative
14.3%
nominative
0%
vocative puella
57.1%
puellae
0%
puellam
0%
C.N. genative
57.1%
vocative
0%
accusative
0%
D.O. accusative
57.1%
genative
0%
vocative
0%
nominative
0%
subject plural puellae
57.1%
puellas
28.6%
puellarum
0%
puellis
0%
ablative By/With Gate
57.1%
Gate
0%
OH Gate
0%
To/For Gate
0%
puellarum puellae
42.9%
puellam
0%
puella
28.6%
P.P. ablative
42.9%
nominative
14.3%
vocative
0%
accusative
14.3%
to/for gate I.O.
42.9%
interjection
0%
puellis
14.3%
C.N.
0%
accusative gate
42.9%
to/for gate
14.3%
of the gate
0%
by/with gate
0%
genative plural puellarum
42.9%
puellis
0%
puellas
0%
puellae
28.6%
dative I.O.
42.9%
C.N.
0%
D.O.
14.3%
P.P.
0%
Remove Ads.
Support Sporcle.
Get the best of Sporcle when you Go Orange. This ad-free experience offers more features, more stats, and more fun while also helping to support Sporcle. Thank you for becoming a member.

You're not logged in!

Compare scores with friends on all Sporcle quizzes.
OR
Log In

Show Comments

Extras

Created Sep 25, 2019ReportNominate
Tags:Latin Quiz

Top Quizzes Today


Score Distribution

Your Account Isn't Verified!

In order to create a playlist on Sporcle, you need to verify the email address you used during registration. Go to your Sporcle Settings to finish the process.

Report this User

Report this user for behavior that violates our Community Guidelines.

Details: